1933 1427 1074 1991 1890 1944 1143 1320 1232 1073 1883 1290 1861 1467 1590 1714 1526 1210 1768 1396 1744 1579 1548 1492 1012 1979 1752 1657 1776 1155 1909 1890 1009 1034 1300 1434 1770 1931 1912 1098 1988 1820 1345 1353 1601 1487 1377 1946 1476 1164 1411 1821 1611 1498 1174 1447 1672 1903 1745 1138 1763 1857 1001 1527 1782 1254 1289 1373 1826 1423 1467 1162 1137 1156 1319 1227 1920 1222 1886 1398 1439 1860 1727 1629 1103 1554 1922 1710 1781 1942 1159 1183 1253 2000 1154 1806 1050 1322 1899 BCNSPRNW ULIB Ver.6.0+V

เปลี่ยนเป็นภาษาไทย

Change to English
 แสดงรายละเอียดบรรณานุกรม
  กลับหน้าหลัก

Brief Record : Get Marc (ISO 2709) : E-mail record : QR code < ปิดหน้าต่าง
LEADER : 00000nam 2200000uu 4500
001    13399127418
003     ULIB
008    200520s2562||||th 000 0 tha d
020    ู^a9786160038183
050  0 ^aนว^bก398ค
100    ^aกัลฐิดา
245    ^aคิวรัก...หมายเลขหนึ่ง
250    ^aพิมพ์ครั้งที่ 1
260    ^aกรุงเทพฯ :^bพิมพ์คำ,^c2562
300    ^a372 หน้า;^b21 ซม.
650    ^aนวนิยาย
945    ^p260^l0^i007092
999    ^aประนอม เกษจรัล
รายการนี้ยังไม่มีแท็ก
คุณยังไม่ได้ล็อกอิน คุณสามารถมีกิจกรรมร่วมกับเว็บไซต์ได้ แต่ต้องล็อกอินก่อน ::
  ล็อกอิน

รายการสื่อสารสนเทศ

ลำดับที่ ประเภท เลขเรียก/บาร์โค้ด สถานที่ สถานะ
1. นวนิยาย
นวนิยาย
นว ก398ค ฉ.1 
  Barcode: 007092
ห้องสมุดวิทยาเขตสวรรค์ประชารักษ์
►หนังสือทั่วไป
บนชั้น

รายการใกล้เคียง
    ชื่อเรื่อง [คิวรัก...หมายเลขหนึ่ง]

    ผู้แต่ง [กัลฐิดา]

    หัวเรื่อง [นวนิยาย]

BibComment


ยังไม่เคยถูกคอมเมนท์

คอมเมนท์ทรัพยากรรายการนี้
  คอมเมนท์: คิวรักหมายเลขหนึ่ง


 Copyright 2026. Bcnsprnw @Library